[Event "FRA-chT3 Gr8 0203"]
[Site "France"]
[Date "2002.11.16"]
[Round "2"]
[White "Derache, Jerome"]
[Black "Petenati, Amandine"]
[Result "1-0"]
[WhiteElo "1990"]
[BlackElo "1640"]
[PlyCount "81"]
[EventDate "2002.10.??"]
[EventType "team"]
[EventRounds "9"]
[EventCountry "FRA"]
[SourceTitle "EXT 2005"]
[Source "ChessBase"]
[SourceDate "2004.11.15"]
[SourceVersion "1"]
[SourceVersionDate "2004.11.15"]
[SourceQuality "1"]

1. e4 c6 2. d4 d5 3. exd5 cxd5 4. c4 Nf6 5. c5 Nc6 6. Nf3 Bg4 7. Be2 e6 8. a3 Be7 9. 0-0 0-0 10. Bf4 Nh5 11. Be3 Nf6 12. b4 Ne4 13. b5 Na5 14. Ne5 Bxe2 15. Qxe2 f6 16. Nd3 Nc4 17. f3 Ng5 18. Nd2 Nxe3 19. Qxe3 Qd7 20. Rab1 Nf7 21. Rfc1 Qc8 22. Nf4 Nd8 23. Nxd5 exd5 24. Qxe7 Nf7 25. c6 bxc6 26. bxc6 Re8 27. Qd7 Qxd7 28. cxd7 Red8 29. Rc7 a6 30. Rb6 Kf8 31. Nb3 Ke7 32. Nc5 Nd6 33. Rcc6 Nb5 34. Rxa6 Rxa6 35. Rxa6 Nxd4 36. Kf2 Nf5 37. a4 Nd6 38. a5 Nc4 39. Re6+ Kf7 40. a6 Ne5 41. Re8 1-0

[Event "FRA-chT3 Gr8 0203"]
[Site "France"]
[Date "2002.10.13"]
[Round "1"]
[White "Derache, Jerome"]
[Black "Penel, Serge"]
[Result "1-0"]
[WhiteElo "1990"]
[BlackElo "1820"]
[PlyCount "129"]
[EventDate "2002.10.??"]
[EventType "team"]
[EventRounds "9"]
[EventCountry "FRA"]
[SourceTitle "EXT 2005"]
[Source "ChessBase"]
[SourceDate "2004.11.15"]
[SourceVersion "1"]
[SourceVersionDate "2004.11.15"]
[SourceQuality "1"]

1. e4 d6 2. d4 g6 3. Bc4 Bg7 4. Qf3 Be6 5. Bxe6 fxe6 6. Qb3 Qc8 7. Nf3 Nc6 8. c3 Na5 9. Qa4+ Nc6 10. d5 exd5 11. exd5 Qd7 12. dxc6 bxc6 13. 0-0 Nf6 14. Re1 0-0 15. Nd4 e5 16. Nf3 e4 17. Nd4 Ng4 18. Be3 Qe7 19. h3 Nxf2 20. Bxf2 Rxf2 21. Nf3 Rxf3 22. Rxe4 Qg5 23. Na3 Raf8 24. Qxc6 Be5 25. Qd5+ R3f7 26. Qd3 Rf2 27. Rg4 Qf5 28. Qxf5 R8xf5 29. Nc4 Kg7 30. Ne3 Rf7 31. Nc4 Re2 32. Nxe5 dxe5 33. b4 e4 34. a4 e3 35. Rf1 Rff2 36. Rxf2 Rxf2 37. Re4 Ra2 38. Rxe3 Rxa4 39. Re7+ Kf6 40. Rxc7 h5 41. Rc5 Ra1+ 42. Kf2 g5 43. c4 Ra2+ 44. Kf3 Ra3+ 45. Ke4 Ra2 46. g4 hxg4 47. hxg4 Re2+ 48. Kf3 Ra2 49. Rc6+ Ke5 50. Rc5+ Kf6 51. b5 Ra1 52. Rc7 Rf1+ 53. Kg3 Rg1+ 54. Kh3 Rh1+ 55. Kg2 Ra1 56. c5 Ra2+ 57. Kf3 Ra3+ 58. Ke4 Ra4+ 59. Kd5 Rxg4 60. Rxa7 Rg1 61. b6 g4 62. b7 Rb1 63. c6 g3 64. Ra2 Rd1+ 65. Ke4 1-0

[Event "FRA-chT3 Gr8 0102"]
[Site "France"]
[Date "2002.03.10"]
[Round "7"]
[White "Derache, Jerome"]
[Black "Silvert, Alexandre"]
[Result "1-0"]
[WhiteElo "2040"]
[BlackElo "2003"]
[PlyCount "101"]
[EventDate "2001.10.??"]
[EventType "team"]
[EventRounds "9"]
[EventCountry "FRA"]
[SourceTitle "EXT 2005"]
[Source "ChessBase"]
[SourceDate "2004.11.15"]
[SourceVersion "1"]
[SourceVersionDate "2004.11.15"]
[SourceQuality "1"]

1. e4 e6 2. Nc3 d5 3. d4 Nf6 4. e5 Nfd7 5. f4 c5 6. Nf3 Nc6 7. Ne2 Qb6 8. c3 cxd4 9. cxd4 Bb4+ 10. Nc3 f6 11. Bd3 f5 12. a3 Be7 13. Na4 Qc7 14. 0-0 Nb6 15. Nc3 a6 16. Kh1 Bd7 17. Qe1 0-0 18. Bd2 Na7 19. Rc1 Qd8 20. Rg1 h5 21. h3 Kf7 22. Qe2 g6 23. Rce1 Rc8 24. Ng5+ Bxg5 25. fxg5 Qe7 26. Qf3 Kg7 27. Ne2 Bb5 28. Bb4 Qxg5 29. Bxf8+ Rxf8 30. Nf4 Re8 31. Rc1 Nc6 32. Bxb5 axb5 33. Rc5 Qe7 34. Qg3 g5 35. Nxh5+ Kg6 36. Nf6 Rh8 37. Qd3 Nxe5 38. Qc2 Nc6 39. Ng4 Nxd4 40. Ne5+ Kh6 41. Qc3 Ne2 42. Nf7+ Qxf7 43. Qxh8+ Kg6 44. Re1 Ng3+ 45. Kg1 Ne4 46. Rc2 f4 47. Rec1 f3 48. gxf3 Qxf3 49. Qg8+ Kh5 50. Qxe6 Nf6 51. Rf1 1-0

[Event "FRA-chT4 Nord-Pas-de-Calais 9798"]
[Site "France"]
[Date "1998.01.11"]
[Round "5.2"]
[White "Renard, Stephane"]
[Black "Derache, Jerome"]
[Result "1-0"]
[WhiteElo "1830"]
[BlackElo "1810"]
[PlyCount "51"]
[EventDate "1998.??.??"]
[EventType "team-tourn"]
[EventRounds "7"]
[EventCountry "FRA"]
[SourceTitle "EXT 2019"]
[Source "ChessBase"]
[SourceDate "2018.10.10"]
[SourceVersion "1"]
[SourceVersionDate "2018.10.10"]
[SourceQuality "1"]

1. e4 e5 2. f4 Nc6 3. Nc3 d6 4. Nf3 Nf6 5. Bb5 Bg4 6. h3 Bxf3 7. Qxf3 a6 8. Bxc6+ bxc6 9. fxe5 dxe5 10. d3 Rb8 11. 0-0 h6 12. Nd1 Qd6 13. Kh1 Be7 14. Ne3 Qe6 15. Nf5 Rh7 16. b3 Ng8 17. Nxe7 Nxe7 18. Rf2 Ng6 19. Be3 Rh8 20. Raf1 Rf8 21. Bc5 Ne7 22. Qg3 Rb5 23. Bxe7 Kxe7 24. Qxg7 Rc5 25. Rf6 Qc8 26. Rxf7+ 1-0